Science General Knowledge - Statistics

General Stats
  • This quiz has been taken 95 times
  • The average score is 5 of 10
Answer Stats
Hint Answer % Correct
What is the number of chromosomes in the average human body? 46/23 pairs
81%
How many protons are there in a Carbon-14 atom? 6
78%
How many moons does Venus have? 0
64%
On which planet is a day longer than a year? Venus
63%
What group of the Periodic Table of Elements if Fluorine in? 7/17
55%
Name one of Mars' two moons Phobus/Deimos
44%
What magnetic pole is the geographical North Pole? South
41%
Which Austrian scientist is the 99th element in the Periodic Table named after? Albert Einstein
38%
In which British cathedral is Isaac Newton's tomb? Westminster Abbey
26%
Who discovered the Electron? JJ Thompson
12%
No matching quizzes found
Score Distribution
Percent of People with Each Score
Percentile by Number Answered
Your Score History
You have not taken this quiz